| 000 | 00817aam a2200265 4500 | ||
|---|---|---|---|
| 005 | 20161109112108.0 | ||
| 008 | 150525b xxu||||| |||| 00| 0 spa d | ||
| 041 | _aEspañol | ||
| 082 | _a372.42 B967b3 | ||
| 100 |
_aBurns, Susan _919355 |
||
| 100 |
_aGriffin, Peg _919356 |
||
| 100 |
_aSnow, Catherine _919357 |
||
| 245 | _aUn buen comienzo: guia para promover la lectura en la infancia | ||
| 250 | _a3 edición | ||
| 260 |
_aMéxico _bFondo de Cultura Económica _c2000 |
||
| 300 | _a159 páginas | ||
| 650 |
_aLECTURA _930652 |
||
| 650 |
_aMOTIVACIÓN PARA LEER _919359 |
||
| 650 |
_aFOMENTO A LA LECTURA _919360 |
||
| 650 |
_aLECTURA PARA NIÑOS _919361 |
||
| 650 |
_aACTIVIDADES PARA LA LECTURA _919362 |
||
| 650 |
_aVERDADEROS LECTORES _919363 |
||
| 650 |
_aCOMPRENSIÓN DE LECTURA _9355 |
||
| 942 | _cBK | ||
| 999 |
_c2250 _d2250 |
||